Responses for Show #6696 - Monday, October 28, 2013

Contestants

[<< previous game]

Gus Iurillo, a business ownership coach from Glen Allen, Virginia

Molly Kossoff, a beauty-industry magazine editor from West Hills, California

Mike Shapiro, an actuary from Denver, Colorado (whose 2-day cash winnings total $24,800)

[next game >>]

Jeopardy! Round responses

20th CENTURY LITERARY DECADES
ANOTHER JACKSON 5
IVY LEAGUE SCHOOLS
FORWARDS & BACKWORDS
(Alex: Each correct response--two words, one the reverse of the other.)
THINGS TO DO TODAY
WICKED
(Elphaba: Clues about one of Broadway's biggest hits of all time.) (Glinda: You're good.)
    $200 11
the 1950s

Molly
    $200 16
the EPA

Gus
    $200 21
(Alex: Yes, with less than a minute to go.)

Harvard

Molly
    $200 1
wed & dew

Molly
    $200 23
Bill Gates

Gus
    $200 6
[Applause for Molly's run of the category]
(Alex: You are right, and you ran the category.)
(Molly: Thank you.)
(Alex: And you have $3,200. And our thanks, of course, to the cast and crew of Wicked and our congratulations as they celebrate their 10th anniversary at the Gershwin Theatre.)

the Wicked Witch of the West

Molly
    $400 12
the 1970s

Molly
    $400 17
Stonewall Jackson

Mike
    $400 7
buns & snub

Mike
    $400 24
War and Peace

Molly
    $400 5
emerald (green)

Molly
    $600 13
the '20s

Gus
    $600 18
Jesse Jackson

Molly
    $600 8
denim & mined

Molly
    $600 25
cedar shingles

Triple Stumper
    $600 2
the tornado

Molly
    $800 14
the 1960s

Molly
    $2,000 19
(Molly: What is... uhhh...)
(Alex: Pick a city.)
(Molly: Philadelphia?)

Atlanta

Molly
    $800 22
Penn (the University of Pennsylvania)

Mike
    $800 9
(Mike: What are ale and ... ela?)

lager & regal

MikeMolly
    $800 26
(Mike: What is Chateaubriand?)
[The end-of-round signal sounds.]

filet mignon

MikeMolly
    $800 3
"Popular"

Molly
    $1000 15
(Molly: What are the 1940s?)
(Gus: What are the '10s?)

the 1930s

MikeMollyGus
    $1000 20
Jackson Pollock

Gus
    $1000 10
desserts & stressed

Mike
    $1000 4
(Alex: Yeah, this seems to be one of your favorite musicals. Keep it going.)

Halloween

Molly

Scores at the first commercial break (after clue 10):

Mike Molly Gus
$600 $4,600 $0

Scores at the end of the Jeopardy! Round:

Mike Molly Gus
$2,000 $5,000 $1,000

Double Jeopardy! Round responses

HOUSE HUNTERS INTERGALACTIC
ANTHONY HOPKINS MOVIES BY ROLE
IT'S IN THE "CAN"
MIDDLE AGE MEN
ARE YOU GONNA EAT THAT?
POTPOURRI
    $400 22
Pluto

Molly
    $400 1
Dracula

Molly
    $400 12
a canteen

Molly
    $400 6
Marco Polo

Gus
    $400 18
snails

Molly
    $400 30
Lindsey Graham

Gus
    $800 29
Centauri

Molly
    $800 2
Thor

Molly
    $800 11
cancellation

Triple Stumper
    $800 7
Dante

Molly
    $800 19
(Molly: What is nori?)

kelp

Molly
Triple Stumper
    $800 21
the Congo

Mike
    $1200 28
Mars

Molly
    $1200 3
Amistad

Mike
    $1200 8
a cannibal

Molly
    $3,200 15
(Mike: What is the bubonic plague?)

smallpox

Mike
    $1200 13
fennel

Molly
    $1200 23
Rolls Royce

Molly
    $1600 27
Io

Molly
    $1600 4
The Remains of the Day

Gus
    $1600 9
the Candy Man

Molly
    $1600 16
Macbeth

Mike
    $1600 14
a mushroom

Mike
    $1600 24
septum

Gus
    $5,000 26
(Alex: [Before wager] We are running out of time.)

Titan

Mike
    $2000 5
RED 2

Triple Stumper
    $2000 10
the canon

Triple Stumper
    $2000 17
Saladin

Gus
    $2000 20
a pear

Triple Stumper
    $2000 25
declaring bankruptcy

Mike

Scores at the end of the Double Jeopardy! Round:

Mike Molly Gus
$11,000 $16,200 $7,000

[wagering suggestions for these scores]

Final Jeopardy! Round responses

LITERARY CHARACTERS
GusWho is Fagin
$1,500
MikeWho is Fagen
$10,000
MollyWho ??
$5,100
Sherlock Holmes

Final scores:

Mike Molly Gus
$1,000 $11,100 $5,500
3rd place: $1,000 New champion: $11,100 2nd place: $2,000

Game dynamics:

Coryat scores:

Mike Molly Gus
$11,200 $18,200 $7,000
11 R
(including 1 DD),
3 W
(including 1 DD)
28 R,
3 W
(including 1 DD)
9 R,
1 W

Combined Coryat: $36,400

[game clues] [game scores] [suggest correction]

Game tape date: 2013-09-16
The J! Archive is created by fans, for fans. Scraping, republication, monetization, and malicious use prohibited; this site may use cookies and collect identifying information. See terms. The Jeopardy! game show and all elements thereof, including but not limited to copyright and trademark thereto, are the property of Jeopardy Productions, Inc. and are protected under law. This website is not affiliated with, sponsored by, or operated by Jeopardy Productions, Inc. Join the discussion at JBoard.tv.